000 00810nam a2200217 a 4500
001 000030287
005 20200930060212.0
008 110509s1980 dr 000 0 spa d
040 _aDO-SdBNP
_bspa
_cBNPHU
082 _axxx
_aF673r
100 1 _aFondeur Cruz, Eugenio H.
_d1923-
_956963
245 1 0 _aLa resurreción de los pueblos /
_cEugenio H. Fondeur Cruz.
260 _aSanto Domingo :
_b[S. N.],
_c1980.
300 _a100 p. ;
_c16 cm.
490 1 _aMensajes
_vno. 1
490 1 _aLa resurreción de los pueblos
_v1
500 _aAvance a la doctrina de la resurreción de los pueblos y del sistema de gobierno que establecera en el país si así lo decidiesen los ciudadanos dominicanos
830 0 _aMensajes
_vno. 1
_956964
830 0 _aLa resurreción de los pueblos ;
_v1
_956965
049 _aBNPD
999 _c29779
_d29779